Random Shapes Europe - Statistics

General Stats
  • This quiz has been taken 7 times
  • The average score is 16 of 20
Answer Stats
Picture Answer % Correct
Albania
100%
Austria
100%
Belgium
100%
Bosnia and Herzegovina
100%
Bulgaria
100%
Croatia
100%
Czech Republic
100%
Denmark
100%
Estonia
100%
Finland
100%
France
100%
Germany
100%
Greece
100%
Hungary
100%
Italy
100%
Kosovo
100%
Malta
100%
Moldova
100%
Portugal
100%
Romania
100%
Slovakia
100%
Sweden
100%
Switzerland
100%
Ukraine
100%
United Kingdom
100%
Liechtenstein
50%
Luxembourg
50%
North Macedonia
50%
San Marino
50%
Serbia
50%
Vatican City
50%
Slovenia
33%
Andorra
0%
Belarus
0%
Iceland
0%
Ireland
0%
Latvia
0%
Lithuania
0%
Monaco
0%
Montenegro
0%
Netherlands
0%
Norway
0%
Poland
0%
Russia
0%
Spain
0%
No matching quizzes found
Score Distribution
Percent of People with Each Score
Percentile by Number Answered
Your Score History
You have not taken this quiz